Statistics for 1955 College Football AP Poll

Click here to take the quiz!

General Stats

  • This quiz has been taken 9 times
  • The average score is 189 of 242

Answer Stats

WeekRankTeamWLTConference% Correct
Week 6 (10/24)10USC51Pacific Coast
100%
Week 2 (9/26)9USC20Pacific Coast
100%
Week 1 (9/19)9USC10Pacific Coast
100%
Week 10 (11/21)12Michigan72Big Ten
100%
Week 5 (10/17)1Michigan40Big Ten
100%
Week 2 (9/26)2Michigan10Big Ten
100%
Week 7 (10/31)16USC52Pacific Coast
100%
Week 2 (9/26)5Oklahoma10Big Seven
100%
Week 10 (11/21)1Oklahoma90Big Seven
100%
Week 4 (10/10)16USC31Pacific Coast
100%
Week 9 (11/14)17Tennessee521SEC
100%
Week 1 (9/19)4Michigan00Big Ten
100%
Week 8 (11/7)1Oklahoma70Big Seven
100%
Week 9 (11/14)6Michigan71Big Ten
100%
Week 4 (10/10)3Oklahoma30Big Seven
100%
Week 3 (10/3)2Michigan20Big Ten
100%
Week 3 (10/3)3Oklahoma20Big Seven
100%
Week 8 (11/7)7Michigan61Big Ten
100%
Week 4 (10/10)1Michigan30Big Ten
100%
Week 9 (11/14)1Oklahoma80Big Seven
100%
Week 3 (10/3)10USC30Pacific Coast
100%
Week 5 (10/17)10USC41Pacific Coast
100%
Week 5 (10/17)3Oklahoma40Big Seven
100%
Week 1 (9/19)3Oklahoma00Big Seven
100%
Preseason3Michigan00Big Ten
100%
Preseason13USC00Pacific Coast
100%
Week 11 (11/28)1Oklahoma100Big Seven
100%
Week 6 (10/24)2Oklahoma50Big Seven
100%
Preseason2Oklahoma00Big Seven
100%
Week 11 (11/28)13USC64Pacific Coast
100%
Week 11 (11/28)12Michigan72Big Ten
100%
Week 6 (10/24)3Michigan50Big Ten
100%
Week 7 (10/31)3Michigan60Big Ten
100%
Week 7 (10/31)2Oklahoma60Big Seven
100%
Week 8 (11/7)4UCLA71Pacific Coast
89%
Week 4 (10/10)11Duke30ACC
89%
Week 4 (10/10)9UCLA31Pacific Coast
89%
Week 6 (10/24)17Duke41ACC
89%
Week 8 (11/7)3Michigan State61Big Ten
89%
Week 6 (10/24)5Michigan State41Big Ten
89%
Week 8 (11/7)5Notre Dame61Independent
89%
Week 4 (10/10)4Notre Dame30Independent
89%
Week 6 (10/24)6UCLA51Pacific Coast
89%
Week 6 (10/24)15Ohio State32Big Ten
89%
Week 6 (10/24)8Auburn401SEC
89%
Week 8 (11/7)9Texas A&M611Southwest
89%
Week 8 (11/7)10Ohio State52Big Ten
89%
Week 6 (10/24)9Notre Dame41Independent
89%
Week 3 (10/3)18Washington30Pacific Coast
89%
Week 4 (10/10)12Washington40Pacific Coast
89%
Week 4 (10/10)14Ohio State21Big Ten
89%
Week 4 (10/10)13Michigan State21Big Ten
89%
Week 5 (10/17)5Duke40ACC
89%
Week 5 (10/17)12Texas A&M41Southwest
89%
Week 5 (10/17)11Notre Dame31Independent
89%
Week 5 (10/17)9Auburn301SEC
89%
Week 7 (10/31)5UCLA61Pacific Coast
89%
Week 5 (10/17)7UCLA41Pacific Coast
89%
Week 7 (10/31)4Michigan State51Big Ten
89%
Week 5 (10/17)6Michigan State31Big Ten
89%
Week 7 (10/31)11Ohio State42Big Ten
89%
Week 7 (10/31)6Notre Dame51Independent
89%
Week 3 (10/3)14Auburn20SEC
89%
Week 7 (10/31)12Texas A&M511Southwest
89%
Week 7 (10/31)14Auburn411SEC
89%
Week 7 (10/31)15Ole Miss61SEC
89%
Week 4 (10/10)19Texas A&M31Southwest
89%
Week 6 (10/24)20Ole Miss51SEC
89%
Week 4 (10/10)17Auburn201SEC
89%
Week 6 (10/24)19Washington411Pacific Coast
89%
Week 8 (11/7)12Auburn511SEC
89%
Preseason1UCLA00Pacific Coast
89%
Week 3 (10/3)13Duke20ACC
89%
Week 11 (11/28)2Michigan State81Big Ten
89%
Week 8 (11/7)14Ole Miss71SEC
89%
Week 10 (11/21)8Texas A&M711Southwest
89%
Week 1 (9/19)16LSU10SEC
89%
Week 10 (11/21)10Auburn711SEC
89%
Week 1 (9/19)11Notre Dame00Independent
89%
Week 10 (11/21)15Ole Miss81SEC
89%
Week 1 (9/19)8Ole Miss10SEC
89%
Week 10 (11/21)18Duke621ACC
89%
Week 1 (9/19)6Ohio State00Big Ten
89%
Week 1 (9/19)1UCLA10Pacific Coast
89%
Week 11 (11/28)4UCLA91Pacific Coast
89%
Week 10 (11/21)5Notre Dame81Independent
89%
Preseason18Duke00ACC
89%
Preseason17Auburn00SEC
89%
Week 11 (11/28)5Ohio State72Big Ten
89%
Preseason15Ole Miss00SEC
89%
Week 11 (11/28)8Auburn811SEC
89%
Week 11 (11/28)9Notre Dame82Independent
89%
Week 11 (11/28)10Ole Miss91SEC
89%
Week 11 (11/28)17Texas A&M721Southwest
89%
Preseason6Notre Dame00Independent
89%
Preseason4Ohio State00Big Ten
89%
Week 1 (9/19)19Florida10SEC
89%
Week 10 (11/21)6Ohio State72Big Ten
89%
Week 10 (11/21)4UCLA91Pacific Coast
89%
Week 10 (11/21)2Michigan State81Big Ten
89%
Week 8 (11/7)18Duke421ACC
89%
Week 3 (10/3)7UCLA21Pacific Coast
89%
Week 6 (10/24)11Texas A&M51Southwest
89%
Week 3 (10/3)5Notre Dame20Independent
89%
Week 9 (11/14)4Notre Dame71Independent
89%
Week 9 (11/14)5UCLA81Pacific Coast
89%
Week 2 (9/26)19Washington20Pacific Coast
89%
Week 9 (11/14)8Texas A&M711Southwest
89%
Week 9 (11/14)9Ohio State62Big Ten
89%
Week 2 (9/26)16Duke10ACC
89%
Week 9 (11/14)3Michigan State71Big Ten
89%
Week 2 (9/26)8Ohio State10Big Ten
89%
Week 9 (11/14)12Auburn611SEC
89%
Week 9 (11/14)14Ole Miss81SEC
89%
Week 9 (11/14)20Duke521ACC
89%
Week 2 (9/26)4Notre Dame10Independent
89%
Week 2 (9/26)7UCLA11Pacific Coast
89%
Week 7 (10/31)18Syracuse32Independent
78%
Week 8 (11/7)13Navy511Independent
78%
Week 11 (11/28)18Navy621Independent
78%
Week 8 (11/7)16Illinois43Big Ten
78%
Week 8 (11/7)11Georgia Tech611SEC
78%
Week 9 (11/14)11Navy611Independent
78%
Week 11 (11/28)7Georgia Tech811SEC
78%
Week 9 (11/14)10Georgia Tech711SEC
78%
Week 10 (11/21)9Georgia Tech711SEC
78%
Week 10 (11/21)11Navy611Independent
78%
Week 7 (10/31)9Navy51Independent
78%
Week 7 (10/31)19Army42Independent
78%
Week 7 (10/31)8Georgia Tech61SEC
78%
Week 10 (11/21)20Syracuse53Independent
78%
Week 11 (11/28)20Army63Independent
78%
Week 6 (10/24)12Georgia Tech51SEC
78%
Week 4 (10/10)8Navy30Independent
78%
Week 2 (9/26)18Penn State10Independent
78%
Week 4 (10/10)18Army21Independent
78%
Week 3 (10/3)6Army20Independent
78%
Week 2 (9/26)15Navy10Independent
78%
Week 3 (10/3)12Navy20Independent
78%
Preseason10Georgia Tech00SEC
78%
Week 5 (10/17)4Navy40Independent
78%
Week 1 (9/19)2Georgia Tech10SEC
78%
Week 4 (10/10)5Georgia Tech40SEC
78%
Week 5 (10/17)13Georgia Tech41SEC
78%
Week 3 (10/3)4Georgia Tech30SEC
78%
Preseason8Navy00Independent
78%
Week 1 (9/19)9Navy00Independent
78%
Preseason7Army00Independent
78%
Week 2 (9/26)6Army10Independent
78%
Week 6 (10/24)4Navy50Independent
78%
Week 2 (9/26)3Georgia Tech20SEC
78%
Week 3 (10/3)16Clemson30ACC
78%
Week 1 (9/19)14Army00Independent
78%
Week 8 (11/7)20Iowa331Big Ten
67%
Week 8 (11/7)20Miami33Independent
67%
Week 3 (10/3)9Wisconsin20Big Ten
67%
Week 8 (11/7)17Pittsburgh53Independent
67%
Week 3 (10/3)11West Virginia20SoCon
67%
Week 8 (11/7)18Mississippi State62SEC
67%
Week 2 (9/26)14Iowa10Big Ten
67%
Week 10 (11/21)19Vanderbilt72SEC
67%
Week 1 (9/19)7Pittsburgh10Independent
67%
Week 10 (11/21)17Stanford631Pacific Coast
67%
Week 2 (9/26)17Wisconsin10Big Ten
67%
Week 2 (9/26)13West Virginia10SoCon
67%
Week 9 (11/14)13West Virginia71SoCon
67%
Week 2 (9/26)12Pittsburgh20Independent
67%
Week 9 (11/14)15Pittsburgh63Independent
67%
Week 9 (11/14)16Miami of Ohio80MAC
67%
Week 10 (11/21)16Miami of Ohio80MAC
67%
Week 9 (11/14)18Stanford531Pacific Coast
67%
Week 10 (11/21)14Miami53Independent
67%
Week 10 (11/21)13Pittsburgh73Independent
67%
Week 8 (11/7)15Miami of Ohio70MAC
67%
Week 3 (10/3)20Stanford21Pacific Coast
67%
Week 3 (10/3)15Miami11Independent
67%
Week 7 (10/31)13Miami of Ohio60MAC
67%
Week 11 (11/28)19West Virginia82SoCon
67%
Week 6 (10/24)7West Virginia60SoCon
67%
Week 6 (10/24)16Pittsburgh42Independent
67%
Week 6 (10/24)18Miami of Ohio50MAC
67%
Week 11 (11/28)16Stanford631Pacific Coast
67%
Week 11 (11/28)15Miami of Ohio90MAC
67%
Week 11 (11/28)14Miami63Independent
67%
Week 5 (10/17)15Wisconsin31Big Ten
67%
Preseason9Miami00Independent
67%
Week 7 (10/31)7West Virginia60SoCon
67%
Week 5 (10/17)8West Virginia40SoCon
67%
Week 11 (11/28)11Pittsburgh73Independent
67%
Week 4 (10/10)20Kentucky211SEC
67%
Preseason12Iowa00Big Ten
67%
Week 4 (10/10)6Wisconsin30Big Ten
67%
Week 3 (10/3)19Kentucky21SEC
67%
Week 1 (9/19)17Arkansas10Southwest
67%
Preseason19West Virginia00SoCon
67%
Week 8 (11/7)6West Virginia70SoCon
67%
Week 1 (9/19)15Miami01Independent
67%
Preseason16SMU00Southwest
67%
Week 7 (10/31)20Mississippi State61SEC
67%
Week 4 (10/10)10West Virginia30SoCon
67%
Preseason14Wisconsin00Big Ten
67%
Week 7 (10/31)17Kentucky421SEC
67%
Preseason20Purdue00Big Ten
56%
Week 11 (11/28)6TCU91Southwest
56%
Preseason5Maryland00ACC
56%
Week 11 (11/28)3Maryland100ACC
56%
Week 1 (9/19)5Maryland10ACC
56%
Week 2 (9/26)20Baylor20Southwest
56%
Week 10 (11/21)7TCU81Southwest
56%
Week 3 (10/3)17Purdue20Big Ten
56%
Week 6 (10/24)14TCU51Southwest
56%
Week 7 (10/31)1Maryland70ACC
56%
Week 5 (10/17)18TCU41Southwest
56%
Week 5 (10/17)16Baylor41Southwest
56%
Week 5 (10/17)14Colorado40Big Seven
56%
Week 7 (10/31)10TCU61Southwest
56%
Week 5 (10/17)2Maryland50ACC
56%
Week 4 (10/10)20Colorado30Big Seven
56%
Week 8 (11/7)2Maryland80ACC
56%
Week 4 (10/10)7TCU40Southwest
56%
Week 1 (9/19)18Baylor10Southwest
56%
Week 8 (11/7)8TCU61Southwest
56%
Week 4 (10/10)2Maryland40ACC
56%
Week 3 (10/3)8TCU30Southwest
56%
Week 9 (11/14)19Oregon State62Pacific Coast
56%
Week 1 (9/19)19Purdue00Big Ten
56%
Week 2 (9/26)1Maryland20ACC
56%
Week 10 (11/21)3Maryland100ACC
56%
Week 9 (11/14)2Maryland90ACC
56%
Week 2 (9/26)10TCU20Southwest
56%
Week 3 (10/3)1Maryland30ACC
56%
Week 9 (11/14)7TCU71Southwest
56%
Week 6 (10/24)1Maryland60ACC
56%
Preseason11Rice00Southwest
44%
Week 2 (9/26)11Rice10Southwest
44%
Week 4 (10/10)15Rice201Southwest
44%
Week 1 (9/19)12Texas Tech10Border Conference
44%
Week 5 (10/17)17Boston College30Independent
44%
Week 1 (9/19)13Rice00Southwest
44%
Week 5 (10/17)19Yale40Independent
44%
Week 6 (10/24)13Holy Cross41Independent
22%
Week 5 (10/17)20Holy Cross40Independent
22%

Score Distribution

Percentile by Number Answered

Percent of People with Each Score

Your Score History

You have not taken this quiz